1265 1907 1112 1779 1752 1543 1664 1180 1574 1688 1860 1277 1271 1362 1457 1838 1138 1917 1839 1207 1938 1662 1166 1311 1823 1116 1986 1009 1849 1400 1836 1028 1982 1225 1642 1411 1182 1179 1914 1089 1489 1419 1601 1731 1801 1756 1368 1611 1731 1170 1268 1951 1654 1800 1620 1305 1096 1583 1153 1146 1444 1591 1688 1163 1038 1790 1915 1758 1871 1136 1448 1600 1165 1241 1497 1273 1290 1755 1066 1396 1251 1412 1927 1735 1728 1287 1313 1719 1069 1799 1347 1508 1937 1616 1179 1108 1197 1597 1690 BCNSPRNW ULIB Ver.6.0+V

เปลี่ยนเป็นภาษาไทย

Change to English
 แสดงรายละเอียดบรรณานุกรม
  กลับหน้าหลัก

Brief Record : Get Marc (ISO 2709) : E-mail record : QR code < ปิดหน้าต่าง
LEADER : 00000nam 2200000uu 4500
001    13399125009
003     ULIB
008    160529s2554||||th 000 0 tha d
020    ^a9789744226150
060  4 ^aWS200^bพ482
245 00 ^aPocket book of pediatrics. /^cศรีศุภลักษณ์ สิงคาลวณิช, สมใจ กาญจนพงศ์กุล, ศิริลักษณ์ เจนนุวัตร, บรรณาธิการ
250    ^aพิมพ์ครั้งแรก
260    ^a[นนทบุรี] :^bสถาบันสุขภาพเด็กแห่งชาติมหาราชินี,^c2554.
300    ^axviii, 618 หน้า :^bภาพประกอบ
650  7 ^aโรค^xในวัยทารกและเด็ก
650  7 ^aกุมารเวชศาสตร์
650  7 ^aเด็ก^xโรค
700 0  ^aศิริลักษณ์ เจนนุวัตร,^eบรรณาธิการ
700 0  ^aสมใจ กาญจนพงศ์กุล,^eบรรณาธิการ
700 0  ^aศรีศุภลักษณ์ สิงคาลวณิช,^eบรรณาธิการ
710 2  ^aสถาบันสุขภาพเด็กแห่งชาติมหาราชินี
945    ^p400^l0^i001035
945    ^p400^l0^i001036
945    ^p400^l0^i001037
945    ^p400^l0^i001038
945    ^p400^l0^i001039
945    ^p400^l0^i001040
945    ^p400^l0^i001041
999    ^aเกษร โพธิ์สุวรรณ
รายการนี้ยังไม่มีแท็ก
คุณยังไม่ได้ล็อกอิน คุณสามารถมีกิจกรรมร่วมกับเว็บไซต์ได้ แต่ต้องล็อกอินก่อน ::
  ล็อกอิน

รายการสื่อสารสนเทศ

ลำดับที่ ประเภท เลขเรียก/บาร์โค้ด สถานที่ สถานะ
1. วิทยาศาสตร์การแพทย์ และสุขภาพ
หนังสือสำรอง
สถานะ=หนังสือสำรอง
WS200 พ482 ฉ.1 
  Barcode: 001035
ห้องสมุดวิทยาเขตสวรรค์ประชารักษ์
►ส่วนจัดเก็บหนังสือเก่า สปร
บนชั้น
  ขอยืม
2. วิทยาศาสตร์การแพทย์ และสุขภาพ
วิทยาศาสตร์การแพทย์ และสุขภาพ
WS200 พ482 ฉ.2 
  Barcode: 001036
ห้องสมุดวิทยาเขตสวรรค์ประชารักษ์
►ส่วนจัดเก็บหนังสือเก่า สปร
บนชั้น
  ขอยืม
3. วิทยาศาสตร์การแพทย์ และสุขภาพ
วิทยาศาสตร์การแพทย์ และสุขภาพ
WS200 พ482 ฉ.3 
  Barcode: 001037
ห้องสมุดวิทยาเขตสวรรค์ประชารักษ์
►ส่วนจัดเก็บหนังสือเก่า สปร
บนชั้น
  ขอยืม
4. วิทยาศาสตร์การแพทย์ และสุขภาพ
วิทยาศาสตร์การแพทย์ และสุขภาพ
WS200 พ482 ฉ.4 
  Barcode: 001038
ห้องสมุดวิทยาเขตสวรรค์ประชารักษ์
►ส่วนจัดเก็บหนังสือเก่า สปร
บนชั้น
  ขอยืม
5. วิทยาศาสตร์การแพทย์ และสุขภาพ
วิทยาศาสตร์การแพทย์ และสุขภาพ
WS200 พ482 ฉ.5 
  Barcode: 001039
ห้องสมุดวิทยาเขตสวรรค์ประชารักษ์
►ส่วนจัดเก็บหนังสือเก่า สปร
บนชั้น
  ขอยืม
6. วิทยาศาสตร์การแพทย์ และสุขภาพ
วิทยาศาสตร์การแพทย์ และสุขภาพ
WS200 พ482 ฉ.6 
  Barcode: 001040
ห้องสมุดวิทยาเขตสวรรค์ประชารักษ์
►ส่วนจัดเก็บหนังสือเก่า สปร
บนชั้น
  ขอยืม
7. วิทยาศาสตร์การแพทย์ และสุขภาพ
วิทยาศาสตร์การแพทย์ และสุขภาพ
WS200 พ482 ฉ.7 
  Barcode: 001041
ห้องสมุดวิทยาเขตสวรรค์ประชารักษ์
►ส่วนจัดเก็บหนังสือเก่า สปร
บนชั้น
  ขอยืม

รายการใกล้เคียง
    หัวเรื่อง [กุมารเวชศาสตร์]

BibComment


ยังไม่เคยถูกคอมเมนท์

คอมเมนท์ทรัพยากรรายการนี้
  คอมเมนท์: Pocket book of p..


 Copyright 2026. Bcnsprnw @Library